| 000 | 01445nam a2200325Ia 4500 | ||
|---|---|---|---|
| 001 | 402 | ||
| 003 | OSt | ||
| 005 | 20250528074019.0 | ||
| 008 | 250415b ||||| |||| 00| 1 por d | ||
| 020 | _a9788576839439 | ||
| 040 | _bpor | ||
| 041 | _apor | ||
| 082 |
_a028.5 _bK64d |
||
| 100 | 1 |
_aKinney, Jeff, _d1971- _9597 |
|
| 240 | _aDiary of a wimpy kid: The Long Haul. | ||
| 245 |
_aDiário de um banana _b: caindo na estrada _c/ Kinney, Jeff ; tradução Alexandre Boide |
||
| 260 |
_aSão Paulo _bVergara & Riba _c2020. |
||
| 300 |
_a224 p. _bil. |
||
| 520 | _aAs férias do Greg tinham tudo para serem perfeitas, até que sua mãe vem com a bomba: eles farão uma viagem de carro em família. Bem, uma viagem desse tipo tem tudo para ser algo muito divertido… ou não, ainda mais se for a família do Greg. A jornada começa cheia de promessas, mas logo sofre reviravoltas dramáticas. Banheiros de posto de gasolina, gaivotas ensandecidas, malas perdidas, um porco faminto… Mas até a viagem mais desastrosa pode virar uma grande aventura – e desta os Heffley não vão se esquecer tão cedo. | ||
| 650 | 0 |
_aLiteratura Americana _984 |
|
| 650 | 0 |
_aInfantojuvenil _9200 |
|
| 650 | 0 |
_aDiário _9599 |
|
| 650 | 0 |
_aAmizade _9556 |
|
| 650 | 0 |
_aVida escolar _9600 |
|
| 655 | 0 |
_aRomance _923 |
|
| 655 | 0 |
_aFicção _922 |
|
| 700 |
_aAlexandre Boiade _cTRADUTOR _9870 |
||
| 830 |
_aDiário de um banana _9598 _vv.9 |
||
| 942 |
_2ddc _cBK |
||
| 999 |
_c402 _d402 |
||